| 000 | 00854cam a2200205 4500 | ||
|---|---|---|---|
| 001 | X118522 | ||
| 008 | 020625n2002 000 0 eng u | ||
| 035 | _a(Sirsi) u118522 | ||
| 100 | _aHindle, A | ||
| 245 | _aCPR - Bee's knees or a dog's breakfast? A personal view | ||
| 260 | _c2002 | ||
| 490 |
_aLandlord and Tenant Review _v6(1) 2002, 29-30(2) |
||
| 520 | _aReviews effectiveness of Civil Procedure Rules1998, providing personal view on working parts which affect landlord and tenant litigators. Analyses summary assessment of costs, standard disclosure under CPR Part 31, and use of expert evidence. Highlights number of problems with operation of CPR. | ||
| 650 | _aCIVIL PROCEDURE RULES 1998 | ||
| 650 | _aCIVIL PROCEDURE RULES | ||
| 650 | _aEXPERT EVIDENCE | ||
| 650 | _aDISCLOSURE | ||
| 690 |
_aDispute resolution _96236 |
||
| 942 | _n0 | ||
| 999 |
_c70568 _d70568 |
||